000 00525nam a22001577a 4500
005 20251108164329.0
008 250721s1989 xx 000 0 ara d
082 1 4 _a666.89/نزا
100 1 _aقاقيش، نزار
245 1 0 _aتطوير صناعة الأنابيب الخرسانيه /
264 1 _aعمان :
_bالجمعيه العلميه الملكيه - مركز بحوث العمليات،
_c1989.
300 _a69ص
650 1 7 _aالخرسانة سابقة الإجهاد
942 _2ddc
_cBK
999 _c9490
_d9490